| 000 | 00631nam a22002057a 4500 | ||
|---|---|---|---|
| 999 |
_c8061 _d8061 |
||
| 003 | OSt | ||
| 005 | 20230120105335.0 | ||
| 008 | 230120b ||||| |||| 00| 0 eng d | ||
| 020 | _a041541833x | ||
| 040 | _cDDC | ||
| 082 | _a307.76 WIL 2007 | ||
| 100 |
_aWilliams, Gwyn A _916405 |
||
| 245 | _aMedieval London, from commune to capital | ||
| 260 |
_aUniversity of London; _b Athlone Press: _c1963 |
||
| 300 |
_a377 p. : _billus.; _c23 cm |
||
| 504 | _aIncludes bibliography. | ||
| 650 |
_a London (England) -- History -- 16th century _916406 |
||
| 650 |
_aLondon (England) -- Politics and government _916407 |
||
| 942 |
_2ddc _cBOOK |
||